|
|
|
|
| LEADER |
00000nam0a2200000 4500 |
| 001 |
299555 |
| 005 |
20231102001220.0 |
| 020 |
|
|
|a RU
|b 82-25457
|
| 035 |
|
|
|a (RuTPU)RU\TPU\book\324707
|
| 090 |
|
|
|a 299555
|
| 100 |
|
|
|a 20150630d1982 km y0rusy5003 ca
|
| 101 |
0 |
|
|a rus
|
| 102 |
|
|
|a RU
|
| 105 |
|
|
|a a z 001zy
|
| 200 |
1 |
|
|a Силовые передачи транспортных машин. Динамика и расчет
|f С. В. Алексеева [и др.]
|
| 210 |
|
|
|a Ленинград
|c Машиностроение
|d 1982
|
| 215 |
|
|
|a 256 с.
|c ил.
|
| 300 |
|
|
|a Авт. указаны на обороте тит. л.
|
| 320 |
|
|
|a Библиогр.: с. 252-254
|
| 606 |
1 |
|
|a Транспортные машины
|x Силовые передачи
|2 stltpush
|3 (RuTPU)RU\TPU\subj\61334
|9 78532
|
| 610 |
1 |
|
|a автомобильные передачи
|
| 610 |
1 |
|
|a динамический расчет
|
| 610 |
1 |
|
|a динамические модели
|
| 610 |
1 |
|
|a возмущающие силы
|
| 610 |
1 |
|
|a нелинейный анализ
|
| 610 |
1 |
|
|a динамический анализ
|
| 675 |
|
|
|a 629.1
|z rus
|v 3
|
| 701 |
|
1 |
|a Алексеева
|b С. В.
|g Серафима Васильевна
|
| 701 |
|
1 |
|a Вейц
|b В. Л.
|g Владимир Львович
|
| 701 |
|
1 |
|a Геккер
|b Ф. Р.
|g Федор Романович
|
| 701 |
|
1 |
|a Кочура
|b А. Е.
|g Александр Евгеньевич
|
| 801 |
|
0 |
|a RU
|b RuMRKP
|c 19950704
|g psbo
|
| 801 |
|
1 |
|a RU
|b 63413507
|c 20150630
|
| 801 |
|
2 |
|a RU
|b 63413507
|c 20180604
|g RCR
|
| 942 |
|
|
|c BK
|